Guglielmo marconi

Guardat en:
Dades bibliogràfiques
Autor principal: Birch, Beverley
Format: Llibre
Idioma:Undetermined
Publicat: Thành phố Hồ Chí Minh Văn Nghệ 2001
Matèries:
Etiquetes: Afegir etiqueta
Sense etiquetes, Sigues el primer a etiquetar aquest registre!
Thư viện lưu trữ: Trung tâm Học liệu Trường Đại học Cần Thơ
LEADER 00511nam a2200193Ia 4500
001 CTU_93176
008 210402s9999 xx 000 0 und d
020 |c 8000 
082 |a 500 
082 |b B617 
100 |a Birch, Beverley 
245 0 |a Guglielmo marconi 
245 0 |c Beverley Birch 
260 |a Thành phố Hồ Chí Minh 
260 |b Văn Nghệ 
260 |c 2001 
650 |a Science,Knowledge 
904 |i Tuyến,Hải 
980 |a Trung tâm Học liệu Trường Đại học Cần Thơ